Aspectos socioeconómicos de la problemática en México /

En este libro el autor propone una serie de ideas que permitan al lector reflexionar acerca de los mas significativos problemas sociales, económicos y políticos que influyen en el presente de México. Contenido: Demografía; Salubridad pública; Educación; Panorama agrícola; Industrialización; Comercio...

Descrición completa

Gardado en:
Detalles Bibliográficos
Autor Principal: Zorrilla Arena, Santiago (autor)
Formato: Libro
Idioma:Lingua castelá
Publicado: México : Limusa, 1995, c1995
Edición:4a edición
Temas:
Etiquetas: Engadir etiqueta
Sen Etiquetas, Sexa o primeiro en etiquetar este rexistro!

MARC

LEADER 00000nam^a2200000^a^4500
001 000051860
005 20250521000000.0
009 20260310090335.017
020 |a 968-18-4493-9 
037 |a Acervo ITESO - Biblioteca 
041 |a ESP 
082 |a 330. 972  |b ZOR 
100 |a Zorrilla Arena, Santiago  |e (autor) 
245 1 0 |a Aspectos socioeconómicos de la problemática en México /  |c S. Zorrilla Arena. 
250 |a 4a edición 
264 4 |a México :  |b Limusa,  |c 1995, c1995 
300 |a 184 p. 
336 |a texto  |b txt  |2 rdacontenido 
337 |a sin mediación  |b n  |2 rdamedio 
338 |a volumen  |b nc  |2 rdasoporte 
520 |a En este libro el autor propone una serie de ideas que permitan al lector reflexionar acerca de los mas significativos problemas sociales, económicos y políticos que influyen en el presente de México. Contenido: Demografía; Salubridad pública; Educación; Panorama agrícola; Industrialización; Comercio interior y exterior en México; Finanzas públicas; Desarrollo político. 
649 |a XX 
650 |a Economía -  |z México 
650 |a Sociología -  |z México 
650 |a Problemas Sociales -  |z México 
650 |a México -  |x Condiciones Económicas 
650 |a México -  |x Condiciones Sociales y Culturales 
650 |a México -  |x Condiciones Políticas 
650 |a Política Social -  |z México 
910 |a Fondo General 
920 |a Impresos - Libros 
930 |a Colección General 
905 |a 101 
901 |a 0500009052  |b IT1  |c ACC  |u 20250521 
901 |a 0500009051  |b IT1  |c ACC  |u 20250521 
902 |a https://opac.biblio.iteso.mx/vufind/Record/000051860